Mezinárodní doprava
Kúpna zmluva a Incoterms 2000. Poistenie. Ďalšie otázky podnikania a exportu.
Gespeichert in:
| 1. Verfasser: | |
|---|---|
| Format: | Buchkapitel |
| Sprache: | Tschechisch |
| Schlagworte: | |
| Tags: |
Keine Tags, Fügen Sie das erste Tag hinzu!
|
MARC
| LEADER | 00000naa$a2200000$$$4500 | ||
|---|---|---|---|
| 001 | 0003306 | ||
| 005 | 20230908091358.7 | ||
| 041 | 0 | |a cze | |
| 044 | |a CZ | ||
| 245 | 1 | 0 | |a Mezinárodní doprava |c aut. Miroslav Šubert |
| 520 | |a Kúpna zmluva a Incoterms 2000. Poistenie. Ďalšie otázky podnikania a exportu. | ||
| 610 | 2 | 0 | |a Európska únia |
| 610 | 2 | 0 | |a doprava medzinárodná |
| 100 | 1 | |a Šubert, Miroslav | |